Statistics for Countries Containing "Y" In Their Name

Click here to take the quiz!

General Stats

  • This quiz has been taken 61 times
    (43 since last reset)
  • The average score is 8 of 12

Answer Stats

Country% Correct
Guyana
80%
Myanmar
80%
Kyrgyzstan
77%
Egypt
74%
Libya
69%
Cyprus
66%
Kenya
66%
Malaysia
66%
Syria
63%
Seychelles
60%
Yemen
60%
Ivory Coast
37%

Score Distribution

Percentile by Number Answered

Percent of People with Each Score

Your Score History

You have not taken this quiz since the last reset